000 00231nam a22000857a 4500
008 170626b xxu||||| |||| 00| 0 eng d
100 _93700
_aNayar. R
245 _aEconomics Question Bank XII
260 _aNew Delhi
_bTata publication
_c2009
999 _c7121
_d7121